000 00302nam a22001337a 4500
008 170309b xxu||||| |||| 00| 0 eng d
020 _a0134443659
041 _aeng
080 _a611
100 _a6
101 _aSHM
245 _aFUNDAMENTALS OF ANATOMY AND PHYSIOLOGY
_cMARTINI, F
942 _2udc
_cBK
999 _c7304
_d7304